Operational Amplifiers And Linear Integrated Circuits (Record no. 166622)

MARC details
000 -LEADER
fixed length control field 00507nam a2200181Ia 4500
008 - FIXED-LENGTH DATA ELEMENTS--GENERAL INFORMATION
fixed length control field 230612s9999 xx 000 0 und d
041 ## - LANGUAGE CODE
Language code of text/sound track or separate title eng
082 ## - DEWEY DECIMAL CLASSIFICATION NUMBER
Classification number 621.3815 COU
100 ## - MAIN ENTRY--PERSONAL NAME
Personal name Coughlin R.F.
9 (RLIN) 149564
245 ## - TITLE STATEMENT
Title Operational Amplifiers And Linear Integrated Circuits
250 ## - EDITION STATEMENT
Edition statement 4th ed.
260 ## - PUBLICATION, DISTRIBUTION, ETC. (IMPRINT)
Date of publication, distribution, etc. 1992
Name of publisher, distributor, etc. Prentice Hall Of India
300 ## - PHYSICAL DESCRIPTION
Extent 502
365 ## - TRADE PRICE
Currency code Rs.
Price amount 95.00
700 ## - ADDED ENTRY--PERSONAL NAME
Personal name Coughlin R.F. & Driscoll F.F.
906 ## - LOCAL DATA ELEMENT F, LDF (RLIN)
d B:44709-Sep-1993
c ETC
b 14.25
Holdings
Withdrawn status Lost status Damaged status Not for loan Home library Current library Date acquired Vendor Budget Code Cost, normal purchase price Bill number Total Checkouts Full call number Barcode Date last seen Discount Cost, replacement price Bill Date Koha item type Original Barcode
        Cummins College of Engineering for Women Pune Cummins College of Engineering for Women Pune 06/09/1993 Pradeep Book Distributors ETC 80.75 447   621.3815 COU CCEP-BK-2340 12/06/2023 14.25 95.00 09/09/1993 Books 002340